000 00501nam a2200181Ia 4500
008 090124s9999 xx 000 0 und d
082 _b119515
100 _aभारद्वाज मंदाकिनी
245 _a भुरळ
250 _a1
260 _c1983
300 _a187
600 _aभारद्वाज मंदाकिनी
630 _a भुरळ
700 _aभारद्वाज मंदाकिनी
730 _a भुरळ
942 _cBOOK
999 _c165601
_d165601